Biogas from Waste and Renewable Resources An Introduction
Enregistré dans:
| Autres auteurs: | , |
|---|---|
| Format: | Livre |
| Langue: | anglais |
| Publié: |
Weinheim
Wiley-VCH Verlag
2008
|
| Sujets: | |
| Accès en ligne: | Voir à l'OPAC |
| Tags: |
Pas de tags, Soyez le premier à ajouter un tag!
|
MARC
| LEADER | 00000nam a2200000 a 4500 | ||
|---|---|---|---|
| 005 | 20260127134250.0 | ||
| 008 | 081104 000 0 eng d | ||
| 020 | |a 9783527318414 | ||
| 035 | |a vtls009356836 | ||
| 039 | 9 | |a 200811041150 |b mschk03 |y 200811041148 |z mschk03 | |
| 040 | |a STUSCHK1 |b slo |c STUSCHK1 |e AACR2 | ||
| 080 | |a 628.385 | ||
| 245 | 1 | |a Biogas from Waste and Renewable Resources |b An Introduction |c edited by: Dieter eublein, Angelika Steinhauser | |
| 260 | |a Weinheim |b Wiley-VCH Verlag |c 2008 | ||
| 300 | |a xxiv, 443 s. |b ill. |c 24,5 cm | ||
| 650 | 0 | |a Biogas | |
| 650 | 0 | |a renewable resources | |
| 700 | 1 | |a Deublein, Dieter | |
| 700 | 1 | |a Steinhauser, Angelika | |
| 910 | |a SCHK95 | ||
| 919 | |a 978-3-527-31841-4 | ||
| 999 | |c 8241 |d 8241 | ||